[Event "Lliga Catalana eq. DH"]
[Site "?"]
[Date "2014.02.08"]
[Round "1.5"]
[White "Milliet, S."]
[Black "Rojas Keim, LA."]
[Result "0-1"]
[WhiteElo "2372"]
[BlackElo "2473"]
[PlyCount "80"]
[EventDate "2014.??.??"]
[EventType "team"]
[EventCountry "ESP"]

1. e4 g6 2. d4 Bg7 3. Nf3 d6 4. Bc4 Nf6 5. Qe2 O-O 6. h3 Nc6 7. O-O e5 8. dxe5
dxe5 9. c3 Nh5 10. Rd1 Qe7 11. Bg5 Bf6 12. Bh6 Re8 13. Qe3 Nd8 14. g4 Nf4 15.
Bxf4 exf4 16. Qxf4 Ne6 17. Qg3 Ng5 18. Nbd2 c6 19. Nxg5 Bxg5 20. Nf3 Bh6 21.
Rd6 b5 22. Bb3 c5 23. Bd5 Bb7 24. Re1 Bf8 25. Bxb7 Qxb7 26. Rd5 Rxe4 27. Red1
Rae8 28. Rd7 Qa6 29. a3 b4 30. axb4 cxb4 31. cxb4 Bxb4 32. Kg2 Qf6 33. Rxa7 Bc5
34. Rb7 Re2 35. Rf1 Bd6 36. Rb6 R8e6 37. Qh4 Qf4 38. g5 Qf5 39. Rd1 R6e4 40.
Qh6 Qc5 0-1

[Event "Lliga Catalana eq. DH"]
[Site "?"]
[Date "2014.01.25"]
[Round "1.6"]
[White "Bravo Barranco, N."]
[Black "Martinez Lopez, I."]
[Result "0-1"]
[WhiteElo "2327"]
[BlackElo "2340"]
[PlyCount "58"]
[EventDate "2014.??.??"]
[EventType "team"]
[EventCountry "ESP"]

1. e4 d5 2. exd5 Qxd5 3. Nc3 Qa5 4. g3 g6 5. Bg2 Bg7 6. Nge2 Nf6 7. b4 Qb6 8.
Rb1 O-O 9. d3 c6 10. Be3 Qc7 11. h3 Nbd7 12. b5 c5 13. O-O Rb8 14. b6 axb6 15.
Nb5 Qd8 16. d4 cxd4 17. Qxd4 Ra8 18. Nec3 h5 19. Qb4 Nc5 20. Rfd1 Nfd7 21. Ne4
Ra4 22. Bxc5 Rxb4 23. Bxb4 h4 24. Rb3 hxg3 25. fxg3 Be5 26. Rd5 f6 27. Bf1 Qe8
28. Bc4 Kg7 29. Na7 Nb8 0-1

[Event "Lliga Catalana eq. DH"]
[Site "?"]
[Date "2014.02.15"]
[Round "1.6"]
[White "Colon Garcia, E."]
[Black "Baños, OF."]
[Result "0-1"]
[WhiteElo "2405"]
[BlackElo "2284"]
[PlyCount "112"]
[EventDate "2014.??.??"]
[EventType "team"]
[EventCountry "ESP"]

1. e4 g6 2. d4 d6 3. Nc3 Bg7 4. Be3 a6 5. f4 e6 6. Nf3 Ne7 7. Bd3 Nd7 8. O-O
Nf6 9. Kh1 b6 10. Qd2 d5 11. Bf2 Bb7 12. e5 Ne4 13. Bxe4 dxe4 14. Ng5 Nf5 15.
Ngxe4 h5 16. Rad1 Qd7 17. a4 O-O-O 18. a5 c5 19. dxc5 Qc6 20. Qe2 b5 21. b4 f6
22. Rd3 fxe5 23. fxe5 h4 24. h3 Bxe5 25. Be1 Kb8 26. Rff3 Nd4 27. Qd1 Qc7 28.
Rf2 Nf5 29. Rfd2 Rxd3 30. Rxd3 Qc6 31. Rd8+ Rxd8 32. Qxd8+ Ka7 33. Qb6+ Kb8 34.
Qxc6 Bxc6 35. Bf2 Bd5 36. Kg1 Kc7 37. Nxd5+ exd5 38. Nd2 Bc3 39. Nb3 Bxb4 40.
Kf1 Kc6 41. Ke2 d4 42. Nxd4+ Nxd4+ 43. Bxd4 Bxa5 44. Bf6 Kxc5 45. Bxh4 Bc3 46.
Kd3 b4 47. Bd8 Kb5 48. g4 a5 49. g5 a4 50. Bf6 Be1 51. Be5 a3 52. Ba1 Bh4 53.
Bf6 a2 54. c4+ Ka4 55. c5 Bxg5 56. c6 Bxf6 0-1

[Event "Lliga Catalana eq. DH"]
[Site "?"]
[Date "2014.01.25"]
[Round "1.6"]
[White "Ducarmon, Q."]
[Black "Fernandez Soriano, R."]
[Result "1/2-1/2"]
[WhiteElo "2411"]
[BlackElo "2261"]
[PlyCount "77"]
[EventDate "2014.??.??"]
[EventType "team"]
[EventCountry "ESP"]

1. e4 c6 2. d4 d5 3. e5 g6 4. c4 Be6 5. cxd5 Bxd5 6. Nc3 Bg7 7. Nh3 e6 8. Nf4
Ne7 9. Nfxd5 Nxd5 10. Be2 Nd7 11. O-O O-O 12. a3 Rb8 13. Rb1 a6 14. Qc2 Kh8 15.
Ne4 f5 16. exf6 N7xf6 17. Bg5 Qe8 18. Nd6 Qd7 19. Nc4 Rbe8 20. Rbd1 Qc7 21. g3
Nd7 22. Bg4 e5 23. Bxd7 Qxd7 24. Nxe5 Bxe5 25. dxe5 Rxe5 26. h4 Kg8 27. Rde1
Rfe8 28. Qd1 Qf5 29. Rxe5 Rxe5 30. Re1 Kf7 31. Rxe5 Qxe5 32. Qf3+ Qf5 33. Qe2
Qe6 34. Qc4 Qe5 35. Qb3 Qe1+ 36. Kg2 Qe4+ 37. Kh2 b5 38. Qd1 c5 39. Qd2 1/2-1/2

[Event "Lliga Catalana eq. DH"]
[Site "?"]
[Date "2014.01.25"]
[Round "1.6"]
[White "Fernandez Cazorla, A."]
[Black "Subirats Ruiz, S."]
[Result "1/2-1/2"]
[WhiteElo "2305"]
[BlackElo "2294"]
[PlyCount "94"]
[EventDate "2014.??.??"]
[EventType "team"]
[EventCountry "ESP"]

1. Nf3 Nf6 2. c4 g6 3. g3 Bg7 4. Bg2 O-O 5. O-O d5 6. cxd5 Nxd5 7. Nc3 c5 8. d4
Nxc3 9. bxc3 Nc6 10. e3 Qc7 11. Ba3 b6 12. dxc5 Ba6 13. Nd4 Bxf1 14. Qxf1 Nxd4
15. cxd4 Rad8 16. c6 Rfe8 17. Rd1 e6 18. Qa6 Bf8 19. Rd3 e5 20. d5 e4 21. Rd4
f5 22. Bxf8 Rxf8 23. Bf1 Kg7 24. Bc4 Rd6 25. Bb3 h5 26. Qe2 h4 27. f3 hxg3 28.
hxg3 g5 29. fxe4 Rh6 30. Qf3 fxe4 31. Qg4 Qf7 32. Qd7 Qxd7 33. cxd7 Rd6 34. Ba4
Rd8 35. Bc6 R8xd7 36. Bxd7 Rxd7 37. Rxe4 Rxd5 38. Re7+ Kf6 39. Rxa7 Rd2 40. Ra4
Re2 41. Rb4 Rxe3 42. Rxb6+ Kf5 43. Rb3 Re2 44. a4 Ra2 45. Rb4 g4 46. Rf4+ Kg5
47. Rb4 Kf5 1/2-1/2

[Event "Lliga Catalana eq. DH"]
[Site "?"]
[Date "2014.03.29"]
[Round "1.6"]
[White "Grafl, F."]
[Black "Rojas Keim, LA."]
[Result "1-0"]
[WhiteElo "2424"]
[BlackElo "2473"]
[PlyCount "75"]
[EventDate "2014.??.??"]
[EventType "team"]
[EventCountry "ESP"]

1. f4 g6 2. Nf3 Bg7 3. e4 c5 4. Be2 Nc6 5. O-O d6 6. c3 Nf6 7. d3 O-O 8. Na3
Rb8 9. Qe1 b5 10. Qh4 b4 11. Nc4 bxc3 12. bxc3 Ba6 13. f5 d5 14. exd5 Qxd5 15.
Bf4 Bxc4 16. dxc4 Qxf5 17. Bxb8 Rxb8 18. Nd4 Qd7 19. Nxc6 Qxc6 20. Rab1 Rxb1
21. Rxb1 h5 22. Qf4 Kh7 23. Qe3 Qc7 24. Bf3 Bh6 25. Qe2 Bf8 26. h3 Qf4 27. Rb7
Qc1+ 28. Kh2 Qf4+ 29. g3 Qc1 30. Rxa7 Qxc3 31. Kg2 Qd4 32. a4 h4 33. a5 hxg3
34. a6 Nd7 35. Ra8 Bg7 36. Rd8 Qa1 37. Rxd7 Bd4 38. Qf1 1-0

[Event "Lliga Catalana eq. DH"]
[Site "?"]
[Date "2014.01.25"]
[Round "1.6"]
[White "Leiro Giralt, D."]
[Black "Bofill Mas, A."]
[Result "0-1"]
[WhiteElo "2317"]
[BlackElo "2420"]
[PlyCount "101"]
[EventDate "2014.??.??"]
[EventType "team"]
[EventCountry "ESP"]

1. c4 e6 2. g3 d5 3. Bg2 Nf6 4. Nf3 Be7 5. b3 O-O 6. O-O c5 7. Bb2 Nc6 8. e3 b6
9. Nc3 Bb7 10. cxd5 exd5 11. d4 Rc8 12. Re1 Re8 13. Rc1 Qd7 14. dxc5 Bxc5 15.
Ne2 Ne4 16. Nf4 Rcd8 17. a3 Qe7 18. Nd4 Nxd4 19. exd4 Bxa3 20. Bxa3 Qxa3 21.
Rc7 Rb8 22. Bxe4 dxe4 23. d5 Qd6 24. Qc2 Bxd5 25. Rd1 Bxb3 26. Rxd6 Bxc2 27.
Rxc2 Rb7 28. Nd5 f6 29. Kf1 Kf7 30. Rdc6 Rd8 31. Nc3 f5 32. Nb5 Ke7 33. Ke2 Rd5
34. Nc7 Rd6 35. R6c3 g6 36. Ke3 b5 37. Rc5 a6 38. h4 Rd3+ 39. Kf4 Ra3 40. Ke5
b4 41. Nd5+ Kd7 42. Nxb4 e3 43. Nd5 exf2 44. Rxf2 Rxg3 45. Rfc2 Rg4 46. Rc7+
Rxc7 47. Rxc7+ Kd8 48. Rxh7 a5 49. Kd6 Kc8 50. Nb6+ Kb8 51. Kc6 0-1

[Event "Lliga Catalana eq. DH"]
[Site "?"]
[Date "2014.02.08"]
[Round "1.6"]
[White "Perpinya Rofes, LM."]
[Black "Bofill Mas, A."]
[Result "1-0"]
[WhiteElo "2453"]
[BlackElo "2420"]
[PlyCount "51"]
[EventDate "2014.??.??"]
[EventType "team"]
[EventCountry "ESP"]

1. e4 c5 2. Nf3 g6 3. d4 cxd4 4. Nxd4 Nc6 5. Be3 Nf6 6. Nc3 Bg7 7. Bc4 O-O 8.
Bb3 a5 9. O-O d6 10. Ndb5 Nd7 11. Qe2 Nc5 12. Rad1 b6 13. Bd5 Bd7 14. f4 Qc8
15. f5 Rb8 16. f6 Bxf6 17. Nxd6 Qa6 18. Bc4 Qa8 19. Bxc5 bxc5 20. Nxf7 Bd4+ 21.
Kh1 e6 22. Ng5 Rxf1+ 23. Rxf1 Nd8 24. Qf3 Bg7 25. Nd5 Bb5 26. Ne7+ 1-0

[Event "Lliga Catalana eq. DH"]
[Site "?"]
[Date "2014.02.22"]
[Round "1.6"]
[White "Rodriguez Cespedes, A."]
[Black "Oms Pallisse, J."]
[Result "1/2-1/2"]
[WhiteElo "2476"]
[BlackElo "2517"]
[PlyCount "86"]
[EventDate "2014.??.??"]
[EventType "team"]
[EventCountry "ESP"]

1. e4 c5 2. Nf3 e6 3. d4 cxd4 4. Nxd4 Nc6 5. Nb5 d6 6. c4 Nf6 7. N5c3 Be7 8.
Be2 O-O 9. O-O b6 10. Bf4 Bb7 11. Re1 Ne5 12. Nd2 Qc7 13. Bg3 a6 14. Rc1 Rac8
15. a3 Rfe8 16. b4 Qb8 17. f4 Ng6 18. Rf1 Bf8 19. Bd3 Bc6 20. Qe2 Qa8 21. e5
Nd7 22. Nf3 Be7 23. Ne4 d5 24. cxd5 Bxd5 25. Nc3 Bb7 26. Rfd1 Ngf8 27. Ne4 Rxc1
28. Rxc1 Rc8 29. Rxc8 Qxc8 30. Qc2 Qd8 31. Neg5 g6 32. Be4 Bxe4 33. Nxe4 f5 34.
exf6 Nxf6 35. Nxf6+ Bxf6 36. h3 Qd7 37. a4 b5 38. axb5 Qxb5 39. Qc8 Qxb4 40.
Qxa6 Qe4 41. Qc8 Be7 42. Ne5 Bf6 43. Nf3 Qd5 1/2-1/2

[Event "Lliga Catalana eq. DH"]
[Site "?"]
[Date "2014.01.25"]
[Round "1.6"]
[White "Ryan, J."]
[Black "Martinez Ramirez, E."]
[Result "1-0"]
[WhiteElo "2352"]
[BlackElo "2372"]
[PlyCount "145"]
[EventDate "2014.??.??"]
[EventType "team"]
[EventCountry "ESP"]

1. e4 c5 2. Nf3 g6 3. Bc4 Bg7 4. O-O e6 5. d4 cxd4 6. Nxd4 a6 7. Nc3 Ne7 8. a4
O-O 9. Be3 Qc7 10. Be2 b6 11. f4 f5 12. Bf3 fxe4 13. Bxe4 Bb7 14. Ndb5 axb5 15.
Nxb5 Qc8 16. Nd6 Bxe4 17. Nxc8 Rxc8 18. c3 Nd5 19. Bd4 Rc4 20. Bxg7 Kxg7 21. b3
Nxc3 22. Qe1 Rc5 23. Rc1 Bd3 24. Rxc3 Bxf1 25. Rxc5 bxc5 26. Kxf1 Nc6 27. Qc3+
Kf7 28. Qxc5 Rb8 29. Qc3 h5 30. g3 Rb7 31. Kg2 Nb4 32. Qc8 Ra7 33. Qb8 Nc6 34.
Qb6 Ra8 35. Qb7 Ra7 36. Qc8 Ne7 37. Qc5 Nc6 38. Kh3 Ra5 39. Qc3 Ra7 40. Qc4 Rb7
41. Kg2 Rb4 42. Qd3 Rb7 43. h3 Nb4 44. Qc4 Nc6 45. Qc3 Rb4 46. a5 Rb5 47. a6
Rb6 48. Qd3 Ke7 49. Qxg6 Rxa6 50. Qxh5 Ra2+ 51. Kf3 Nd4+ 52. Kg4 Nf5 53. Qh7+
Kd6 54. Qh8 Re2 55. Qf8+ Kc6 56. Qa8+ Kb6 57. Qb8+ Kc6 58. Qc8+ Kb6 59. Qxd7
Re3 60. Kg5 Rxg3+ 61. Kf6 Re3 62. h4 Re4 63. h5 Kc5 64. Qc7+ Kd4 65. b4 Ne3 66.
Qc5+ Kd3 67. Kg5 Nd5 68. Qd6 Ke3 69. h6 Nxf4 70. h7 Nh3+ 71. Kh5 Nf4+ 72. Kh6
Nd5 73. Qg3+ 1-0

[Event "Lliga Catalana eq. DH"]
[Site "?"]
[Date "2014.01.25"]
[Round "1.6"]
[White "Serra Fontova, F."]
[Black "Sanchez Ibern, M."]
[Result "0-1"]
[WhiteElo "2276"]
[BlackElo "2445"]
[PlyCount "102"]
[EventDate "2014.??.??"]
[EventType "team"]
[EventCountry "ESP"]

1. e4 c5 2. Nf3 Nf6 3. Nc3 d6 4. d4 cxd4 5. Qxd4 Bd7 6. Bg5 Nc6 7. Qd2 Rc8 8.
h3 a6 9. Bd3 e6 10. O-O h6 11. Bf4 Qc7 12. Rfe1 Ne5 13. Qe2 Be7 14. Rad1 O-O
15. Bh2 b5 16. a3 Rfd8 17. Nxe5 dxe5 18. f4 Bc5+ 19. Kh1 Bd4 20. Rf1 Bc6 21. f5
Re8 22. fxe6 Rxe6 23. Nd5 Nxd5 24. exd5 Bxd5 25. c3 Bc5 26. Bf5 Bc4 27. Qg4 Rf6
28. Rfe1 Re8 29. Bg3 g6 30. Be4 Kg7 31. Rd7 Qb6 32. Rb7 Qe6 33. Qd1 Bf2 34.
Bxf2 Rxf2 35. b4 Qf6 36. Rd7 Qf4 37. Qg4 Qxg4 38. hxg4 Ra2 39. Bd5 Bxd5 40.
Rxd5 Rxa3 41. Rc5 e4 42. Kh2 Re6 43. Kg3 Rd6 44. Kf4 g5+ 45. Ke5 Rd3 46. Kxe4
Raxc3 47. Rxc3 Rxc3 48. Ra1 Rg3 49. Kf5 Rxg2 50. Rxa6 Rf2+ 51. Ke5 Rf4 0-1

[Event "Lliga Catalana eq. DH"]
[Site "?"]
[Date "2014.02.08"]
[Round "1.7"]
[White "Avila Jimenez, X."]
[Black "Rahal, M."]
[Result "0-1"]
[WhiteElo "2307"]
[BlackElo "2426"]
[PlyCount "68"]
[EventDate "2014.??.??"]
[EventType "team"]
[EventCountry "ESP"]

1. d4 e6 2. c4 Bb4+ 3. Nd2 Nf6 4. Ngf3 O-O 5. Qc2 d5 6. e3 b6 7. b3 Bb7 8. Bd3
Nbd7 9. O-O c5 10. cxd5 exd5 11. Bb2 Rc8 12. dxc5 Bxc5 13. Qd1 Ne4 14. Rc1 Qe7
15. Nd4 g6 16. N2f3 f5 17. Rc2 Ndf6 18. h3 Nh5 19. Nh2 Nhf6 20. Qe2 Nd7 21.
Rfc1 Rce8 22. Bb5 Nd6 23. Ba6 Bxa6 24. Qxa6 f4 25. Ng4 h5 26. Nc6 Qe6 27. Nh6+
Kh7 28. b4 fxe3 29. bxc5 exf2+ 30. Kh2 Kxh6 31. cxd6 Qxd6+ 32. g3 Rf3 33. Qf1
Qxg3+ 34. Kh1 Re1 0-1

[Event "Lliga Catalana eq. DH"]
[Site "?"]
[Date "2014.01.25"]
[Round "1.7"]
[White "Draghici Flutor, G."]
[Black "Tallo Dominguez, I."]
[Result "0-1"]
[WhiteElo "2209"]
[BlackElo "2338"]
[PlyCount "58"]
[EventDate "2014.??.??"]
[EventType "team"]
[EventCountry "ESP"]

1. e4 c5 2. Nf3 d6 3. d4 cxd4 4. Nxd4 Nf6 5. Nc3 a6 6. f4 e6 7. Be2 Be7 8. Be3
Qc7 9. Qd2 O-O 10. g4 b5 11. Bf3 Bb7 12. a3 Nc6 13. g5 Nd7 14. Qf2 Nxd4 15.
Bxd4 e5 16. Be3 exf4 17. Bxf4 Ne5 18. Be2 Nc4 19. Bxc4 Qxc4 20. Qe2 Qe6 21.
O-O-O Rac8 22. Nd5 Bxd5 23. Rxd5 Rc4 24. Re1 Rfc8 25. Rd2 b4 26. axb4 Rxb4 27.
Qd3 Ra4 28. Rdd1 Qa2 29. b3 Rd4 0-1

[Event "Lliga Catalana eq. DH"]
[Site "?"]
[Date "2014.01.25"]
[Round "1.7"]
[White "Fernandez Muixi, F."]
[Black "Jose Abril, R."]
[Result "0-1"]
[WhiteElo "2252"]
[BlackElo "2397"]
[PlyCount "46"]
[EventDate "2014.??.??"]
[EventType "team"]
[EventCountry "ESP"]

1. e4 c5 2. Nf3 Nc6 3. d4 cxd4 4. Nxd4 Nf6 5. Nc3 e5 6. Ndb5 d6 7. a4 a6 8. Na3
Bg4 9. f3 Be6 10. Bc4 Rc8 11. O-O Be7 12. Kh1 O-O 13. Bg5 Nxe4 14. Nxe4 d5 15.
Bxe7 Nxe7 16. Bb3 dxe4 17. Bxe6 fxe6 18. fxe4 Rxf1+ 19. Qxf1 Qd4 20. Rd1 Qxa4
21. Nc4 Qxc4 22. Rd8+ Rxd8 23. Qxc4 Rd1+ 0-1

[Event "Lliga Catalana eq. DH"]
[Site "?"]
[Date "2014.01.25"]
[Round "1.7"]
[White "Martin Gonzalez, A."]
[Black "Ezquerro Luque, A."]
[Result "0-1"]
[WhiteElo "2464"]
[BlackElo "2201"]
[PlyCount "92"]
[EventDate "2014.??.??"]
[EventType "team"]
[EventCountry "ESP"]

1. e4 e5 2. Nf3 Nc6 3. Bb5 a6 4. Bxc6 dxc6 5. O-O Bd6 6. d4 Bg4 7. dxe5 Bxf3 8.
Qxf3 Bxe5 9. Nd2 Qh4 10. g3 Qh3 11. Nc4 Bd4 12. Rd1 Bc5 13. Ne5 Qe6 14. Nd3 Bb6
15. b3 Bd4 16. Nf4 Qe5 17. Rb1 Nf6 18. Nd3 Qe6 19. Nf4 Qe5 20. Nd3 Qe6 21. Be3
O-O-O 22. Nf4 Qe5 23. Bxd4 Rxd4 24. Rxd4 Qxd4 25. Re1 Re8 26. Nh5 Rxe4 27. Rxe4
Qxe4 28. Qxe4 Nxe4 29. Nxg7 Nc3 30. a4 Ne2+ 31. Kf1 Nd4 32. Nh5 Nxc2 33. Nf6
Nd4 34. Nxh7 Nxb3 35. Ng5 b5 36. axb5 cxb5 37. h4 Kd7 38. Nxf7 Ke7 39. Ne5 a5
40. h5 a4 41. h6 Kf8 42. Nc6 a3 43. Nb4 c5 44. Na2 b4 45. Ke2 Nd4+ 46. Kd3 b3
0-1

[Event "Lliga Catalana eq. DH"]
[Site "?"]
[Date "2014.01.25"]
[Round "1.7"]
[White "Perez Mañas, B."]
[Black "Garrido Fernandez, D."]
[Result "1-0"]
[WhiteElo "2375"]
[BlackElo "2347"]
[PlyCount "77"]
[EventDate "2014.??.??"]
[EventType "team"]
[EventCountry "ESP"]

1. e4 c5 2. Nf3 Nc6 3. d4 cxd4 4. Nxd4 g6 5. c4 Bg7 6. Be3 Nf6 7. Nc3 O-O 8.
Be2 d6 9. O-O Bd7 10. Rc1 Nxd4 11. Bxd4 Bc6 12. f3 Nd7 13. Be3 a5 14. b3 Nc5
15. Qd2 Qb6 16. Nd5 Bxd5 17. cxd5 Qb4 18. Rfd1 Rfc8 19. Rc4 Qxd2 20. Rxd2 b5
21. Rxc5 dxc5 22. Bxb5 Rab8 23. Bd7 Rd8 24. Bc6 Bc3 25. Rd3 Bb4 26. Kf1 Rbc8
27. Ke2 f6 28. Bc1 a4 29. bxa4 e5 30. Rb3 Rb8 31. Kd3 Kf7 32. Kc4 Ke7 33. Be3
Kd6 34. a3 Bxa3 35. Rxa3 Rb4+ 36. Kc3 Rdb8 37. a5 c4 38. a6 Rb3+ 39. Rxb3 1-0

[Event "Lliga Catalana eq. DH"]
[Site "?"]
[Date "2014.03.29"]
[Round "1.7"]
[White "Perpinya Rofes, LM."]
[Black "Bergez, L."]
[Result "1/2-1/2"]
[WhiteElo "2453"]
[BlackElo "2391"]
[PlyCount "134"]
[EventDate "2014.??.??"]
[EventType "team"]
[EventCountry "ESP"]

1. e4 d5 2. exd5 Nf6 3. d4 Nxd5 4. c4 Nb6 5. Nf3 Bf5 6. Nc3 e6 7. Be2 Be7 8.
O-O O-O 9. h3 c5 10. Be3 Qc8 11. Rc1 Rd8 12. Qb3 N8d7 13. Rfd1 h6 14. a3 Bg6
15. Qa2 cxd4 16. Bxd4 Bf6 17. Nb5 e5 18. c5 Na4 19. Be3 a6 20. Nd6 Qc7 21. b4
e4 22. Nd4 Ne5 23. Qb3 Qd7 24. c6 bxc6 25. Qxa4 Qxd6 26. Nxc6 Nd3 27. Nxd8 Qxd8
28. Qc6 Bb2 29. Rc4 Qf8 30. Bc5 Qb8 31. Bd6 Qa7 32. Bc5 Qb8 33. Qd6 Bxa3 34. f3
Qxd6 35. Bxd6 Nb2 36. Rc3 Nxd1 37. Rxa3 Rd8 38. Rxa6 Nc3 39. Bc4 exf3 40. gxf3
Bf5 41. h4 Be6 42. Bxe6 fxe6 43. Be5 Rd1+ 44. Kf2 Rd2+ 45. Kg3 Ne2+ 46. Kg4 Rd5
47. f4 Rd3 48. h5 Rg3+ 49. Kh4 Rb3 50. Ra8+ Kf7 51. Ra7+ Ke8 52. Rxg7 Rxb4 53.
Bd6 Rd4 54. Be5 Ra4 55. Rg8+ Kf7 56. Rg2 Nd4 57. Rg7+ Kf8 58. Rg6 Nf5+ 59. Kh3
Kf7 60. Rf6+ Ke7 61. Rg6 Kf7 62. Rg2 Ra3+ 63. Kh2 Ra8 64. Rb2 Rg8 65. Rb7+ Ke8
66. Rb8+ Kf7 67. Rb7+ Ke8 1/2-1/2

[Event "Lliga Catalana eq. DH"]
[Site "?"]
[Date "2014.01.25"]
[Round "1.7"]
[White "Prat Llables, J."]
[Black "Ávila Jiménez, Xavier"]
[Result "1-0"]
[WhiteElo "2284"]
[BlackElo "2307"]
[PlyCount "87"]
[EventDate "2014.??.??"]
[EventType "team"]
[EventCountry "ESP"]

1. e4 c6 2. d4 d5 3. e5 Bf5 4. Nf3 e6 5. Be2 Ne7 6. O-O c5 7. Be3 cxd4 8. Nxd4
Nbc6 9. c4 Nxd4 10. Bxd4 Nc6 11. cxd5 Qxd5 12. Bf3 Be4 13. Bxe4 Qxe4 14. Bc3
Be7 15. Qb3 O-O-O 16. Nd2 Qf5 17. Nc4 Rd3 18. Qa4 Rhd8 19. Rac1 Kb8 20. Na5
Nxa5 21. Bxa5 b6 22. Rc6 R3d4 23. Qb5 Qe4 24. Bxb6 Rb4 25. Bxa7+ Ka8 26. Qa6
Ra4 27. Rc8+ Rxc8 28. Qxc8+ Kxa7 29. Qd7+ Kb6 30. Qxe7 Qxe5 31. Rc1 Rc4 32.
Qd8+ Kb7 33. Rd1 Rc7 34. Qd2 Qc5 35. b4 Qc4 36. h3 h5 37. a4 Kc8 38. a5 Kb7 39.
Qd6 Qb5 40. Qd4 g6 41. Qe4+ Ka7 42. Rd8 Rc6 43. Qd4+ Kb7 44. Qd7+ 1-0

[Event "Lliga Catalana eq. DH"]
[Site "?"]
[Date "2014.01.25"]
[Round "1.7"]
[White "Pueyo Burrell, D."]
[Black "Baños, OF."]
[Result "1/2-1/2"]
[WhiteElo "2293"]
[BlackElo "2284"]
[PlyCount "46"]
[EventDate "2014.??.??"]
[EventType "team"]
[EventCountry "ESP"]

1. e4 e6 2. d4 d5 3. Nc3 Bb4 4. e5 c5 5. Bd2 Nh6 6. Nb5 Bxd2+ 7. Qxd2 O-O 8. f4
a6 9. Nd6 cxd4 10. Nf3 f6 11. Nxc8 fxe5 12. Nxe5 Qxc8 13. O-O-O Nc6 14. Re1
Nxe5 15. Rxe5 Ng4 16. Re2 d3 17. Qxd3 Rxf4 18. g3 Rf6 19. Qd4 Qc4 20. Qxc4 dxc4
21. Bh3 Nf2 22. Bxe6+ Rxe6 23. Rxf2 Rae8 1/2-1/2

[Event "Lliga Catalana eq. DH"]
[Site "?"]
[Date "2014.01.25"]
[Round "1.7"]
[White "Rodriguez Melgar, JM."]
[Black "Asensio Liñan, T."]
[Result "1-0"]
[WhiteElo "2272"]
[BlackElo "2278"]
[PlyCount "39"]
[EventDate "2014.??.??"]
[EventType "team"]
[EventCountry "ESP"]

1. e4 e6 2. d4 d5 3. Nc3 Nf6 4. exd5 exd5 5. Bd3 Bg4 6. Nf3 Be7 7. h3 Bh5 8.
Be3 Nbd7 9. g4 Bg6 10. Ne5 Nxe5 11. dxe5 Nd7 12. Bxg6 hxg6 13. Qxd5 c6 14. Qe4
Qa5 15. e6 Ne5 16. exf7+ Kxf7 17. O-O-O Rad8 18. f4 Ba3 19. fxe5 Qxc3 20. e6+
1-0

[Event "Lliga Catalana eq. DH"]
[Site "?"]
[Date "2014.02.22"]
[Round "1.7"]
[White "Rojas Keim, LA."]
[Black "Panelo Muñoz, MA."]
[Result "1/2-1/2"]
[WhiteElo "2473"]
[BlackElo "2472"]
[PlyCount "101"]
[EventDate "2014.??.??"]
[EventType "team"]
[EventCountry "ESP"]

1. Nf3 d5 2. g3 Nf6 3. Bg2 e6 4. O-O b6 5. d3 Bb7 6. Nbd2 g6 7. e4 dxe4 8. Ng5
Bg7 9. Ndxe4 Nxe4 10. Nxe4 Qc8 11. h4 h6 12. h5 f5 13. Nc3 Bxg2 14. Kxg2 Qb7+
15. Kg1 g5 16. Re1 O-O 17. Rxe6 Nd7 18. d4 Rae8 19. Qe2 Nf6 20. Bd2 Ne4 21.
Rxe8 Rxe8 22. Qc4+ Kh8 23. Re1 c6 24. Qd3 Qf7 25. Nxe4 fxe4 26. Rxe4 Rf8 27.
Qe2 Qxa2 28. Bb4 Rg8 29. c4 b5 30. cxb5 cxb5 31. Bd6 Qc4 32. Qe3 Qf7 33. Re7
Qf6 34. Re6 Qf5 35. Be5 Bxe5 36. Rxh6+ Kg7 37. Rg6+ Kh7 38. Rxg8 Bxd4 39. Qxd4
Kxg8 40. h6 Qg6 41. Qxa7 Qb1+ 42. Kg2 Qxb2 43. Qe7 b4 44. Qxg5+ Kh7 45. Kf1 b3
46. Ke1 Qb1+ 47. Ke2 Qe4+ 48. Kd2 Qc2+ 49. Ke1 Qb1+ 50. Kd2 Qc2+ 51. Ke1
1/2-1/2

[Event "Lliga Catalana eq. DH"]
[Site "?"]
[Date "2014.01.25"]
[Round "1.8"]
[White "Castellet Giralt, G."]
[Black "Bautista Sanchez, J."]
[Result "0-1"]
[WhiteElo "2293"]
[BlackElo "2292"]
[PlyCount "84"]
[EventDate "2014.??.??"]
[EventType "team"]
[EventCountry "ESP"]

1. d4 c6 2. c4 Nf6 3. Nc3 d5 4. cxd5 cxd5 5. Bf4 e6 6. e3 Bd6 7. Bxd6 Qxd6 8.
Bd3 Nc6 9. f4 a6 10. Nf3 Bd7 11. Rc1 O-O 12. O-O b5 13. Ne5 Rac8 14. Rf3 g6 15.
Qe1 Ne7 16. Qh4 Kg7 17. Rcf1 Nf5 18. Qe1 h5 19. g3 b4 20. Nb1 Rc7 21. Nd2 Ba4
22. h3 Bc2 23. Nb3 Bxb3 24. axb3 Rfc8 25. g4 Ne7 26. Qb1 hxg4 27. hxg4 Ne4 28.
Bxe4 dxe4 29. R3f2 Qd5 30. Nc4 Rh8 31. Rg2 Rh3 32. Qe1 a5 33. Rg3 Rh7 34. f5
exf5 35. gxf5 Nxf5 36. Rg5 Kh8 37. Qf2 Qd8 38. Rg4 a4 39. Qf4 axb3 40. Qe5+ f6
41. Qe6 Rxc4 42. Qxc4 Nxe3 0-1

[Event "Lliga Catalana eq. DH"]
[Site "?"]
[Date "2014.02.08"]
[Round "1.8"]
[White "Colon Garcia, E."]
[Black "Lopez Agustench, E."]
[Result "1-0"]
[WhiteElo "2405"]
[BlackElo "2317"]
[PlyCount "65"]
[EventDate "2014.??.??"]
[EventType "team"]
[EventCountry "ESP"]

1. e4 c5 2. Nf3 e6 3. d4 cxd4 4. Nxd4 a6 5. Bd3 Bc5 6. Nb3 Be7 7. Be3 d6 8.
N1d2 Nd7 9. f4 Qc7 10. Qe2 b6 11. O-O-O Nc5 12. Kb1 Nf6 13. g4 Nfd7 14. g5 Bb7
15. h4 d5 16. Bd4 dxe4 17. Nxe4 Nxe4 18. Bxe4 Bxe4 19. Qxe4 O-O 20. Bxg7 Kxg7
21. Qd4+ Ne5 22. fxe5 Rfd8 23. Qf4 Rxd1+ 24. Rxd1 Rd8 25. Rf1 Bf8 26. Nc1 Rd5
27. Nd3 Kg8 28. h5 Bg7 29. h6 Rxd3 30. cxd3 Bxe5 31. Qe4 a5 32. Rc1 Qb8 33.
Qxe5 1-0

[Event "Lliga Catalana eq. DH"]
[Site "?"]
[Date "2014.01.25"]
[Round "1.8"]
[White "Diaz Camallonga, C."]
[Black "Maroto Borras, J."]
[Result "1-0"]
[WhiteElo "2314"]
[BlackElo "2199"]
[PlyCount "86"]
[EventDate "2014.??.??"]
[EventType "team"]
[EventCountry "ESP"]

1. e4 e6 2. d4 d5 3. Nc3 dxe4 4. Nxe4 Nd7 5. Nf3 Ngf6 6. Nxf6+ Nxf6 7. Bd3 b6
8. O-O Bb7 9. Re1 Be7 10. c3 O-O 11. Qe2 c5 12. dxc5 Bxc5 13. Bf4 Qd5 14. b4
Be7 15. Be5 Rfd8 16. Rad1 Qc6 17. Qf1 a6 18. Bd4 Rxd4 19. cxd4 Bxb4 20. Re2 b5
21. Rc2 Qd5 22. Ne5 Bd6 23. Re2 Rd8 24. Bc2 Bb8 25. f4 Qd6 26. f5 Bd5 27. fxe6
Bxe6 28. Bf5 Nd5 29. Bxe6 Qxe6 30. Rde1 f6 31. Nf3 Qd6 32. Re6 Qd7 33. Rxa6 Nf4
34. Ra5 Ba7 35. Qxb5 Bxd4+ 36. Kh1 Qg4 37. Qf1 Bc3 38. Re4 Bxa5 39. Qc4+ Kf8
40. Rxf4 Rd1+ 41. Ng1 Qg5 42. Rd4 Rxg1+ 43. Kxg1 Qe3+ $138 1-0

[Event "Lliga Catalana eq. DH"]
[Site "?"]
[Date "2014.01.25"]
[Round "1.8"]
[White "Garcia Pichon, E."]
[Black "Quintas Galeano, L."]
[Result "1-0"]
[WhiteElo "2260"]
[BlackElo "2222"]
[PlyCount "121"]
[EventDate "2014.??.??"]
[EventType "team"]
[EventCountry "ESP"]

1. e4 e5 2. Nf3 Nc6 3. Bb5 a6 4. Ba4 Nf6 5. Qe2 b5 6. Bb3 Be7 7. O-O O-O 8. c3
d6 9. h3 Na5 10. Bc2 c5 11. d4 Qc7 12. b3 Re8 13. d5 Nb7 14. Nh2 c4 15. b4 a5
16. f4 exf4 17. Bxf4 Bf8 18. Qf3 Nd7 19. a4 axb4 20. cxb4 Ne5 21. Qc3 bxa4 22.
Bxa4 Bd7 23. Bxd7 Nxd7 24. Nd2 Nb6 25. Rxa8 Rxa8 26. Rc1 Rc8 27. Be3 Nd8 28.
Bd4 f6 29. Qe3 Nd7 30. Rxc4 Qb7 31. Rxc8 Qxc8 32. Qc3 Qb7 33. Nhf3 Qb8 34. Qc4
g6 35. Nb3 Bh6 36. Na5 Nf7 37. Nc6 Qe8 38. Bf2 Nde5 39. Nfxe5 Nxe5 40. Nxe5
Qxe5 41. b5 Qa1+ 42. Qf1 Qb2 43. b6 Bf4 44. Qd1 Be5 45. g3 Qb4 46. Qd3 Qb2 47.
Qc4 Qb1+ 48. Kg2 Kg7 49. Qc7+ Kh6 50. b7 Qxe4+ 51. Kh2 Qe2 52. Qb6 Bxg3+ 53.
Kxg3 Qe5+ 54. Kg2 Qxd5+ 55. Kg1 Qg5+ 56. Kh2 Qe5+ 57. Bg3 Qe2+ 58. Qf2 Qb5 59.
Qxf6 Kh5 60. Qf3+ Kh6 61. Qf8+ 1-0